Water - Tyla Lyrics - Statistics

General Stats
  • This quiz has been taken 111 times
  • The average score is 136 of 203
Answer Stats
Hint Lyrics % Correct
my
97%
lose
95%
C | Intro Make
95%
make
95%
me
95%
me?
95%
2x | 6x water
95%
hotter
88%
sweat,
88%
breath,
87%
I
84%
can
77%
PreC Can
77%
a
76%
you
76%
You
76%
mind?
72%
be
65%
blow
65%
so
63%
in
62%
body
60%
2x body,
60%
I'm
59%
but
57%
don't
57%
it
57%
it?
57%
time
56%
whole
56%
keep
55%
take
55%
Take
55%
wanna
55%
Set
53%
set
53%
give
52%
If
52%
off
52%
soul
52%
V1 Normally,
51%
dangerous
50%
tonight,
50%
tellin'
49%
before
48%
match
48%
Talk
48%
cool
47%
that
47%
wait,
47%
where
45%
been
44%
from
44%
is
44%
mood
43%
show
42%
timing?
42%
too
42%
V2 Hopefully
41%
cheap,
38%
like
38%
wildin'
38%
all
37%
go
37%
oh,
37%
snatch
37%
ain't
36%
come
36%
how
35%
excited
34%
understand
33%
Why
33%
get
31%
I'ma
31%
night
31%
really
31%
last
30%
stay
30%
hide
28%
try
28%
inside
24%
privacy,
24%
gotta
23%
'bout
19%
nowhere
16%
No matching quizzes found
Score Distribution
Percent of People with Each Score
Percentile by Number Answered
Your Score History
You have not taken this quiz